Art record covers.

Saved in:
Bibliographic Details
Main Author: Spampinato, Francesco (autor)
Format: Unknown
Language:English
Published: Köln, Germany: Taschen, 2021.
Subjects:
Tags: Add Tag
No Tags, Be the first to tag this record!

MARC

LEADER 00000 a2200000 4500
003 CL-VaPUC
005 20230503161048.0
008 230424t2021 ||||| |||| 00| 0 eng d
999 |c 440586  |d 440584 
020 |a 978-3-8365-8816-4 
040 |c Pontificia Universidad Católica de Valparaíso 
082 |2 22  |a 741.66 SPA 2021  
100 |a Spampinato, Francesco  |9 881676  |e autor 
245 |a Art record covers.  
260 |a Köln, Germany:  |b Taschen,   |c 2021.  
300 |a 511 páginas.  
583 |k GC  |c 20230424 
650 0 |9 266874  |a Diseño gráfico  |x Portadas   |x Discos de música   |y 1950-2021 
650 0 |9 345354  |a Arte comercial   |x Portadas   |x Discos de música   |y 1950-2021 
650 0 |9 306269  |a Música  |x Portadas de discos   |v Análisis artístico   |y 1950-2021 
942 |2 ddc  |c BK 
952 |0 0  |1 0  |2 ddc  |4 0  |6 741_660000000000000_SPA_2021  |7 0  |8 R  |9 589746  |a BIBART  |b BIBART  |c GEN  |d 2023-04-21  |e 11  |g 30700.00  |i 5657231  |o 741.66 SPA 2021  |p 5657231  |r 2025-03-13  |t 1  |v 30700.00  |w 2023-04-21  |y BK  |k ART